|
|
|
|
| LEADER |
00000nam0a2200000 4500 |
| 001 |
257042 |
| 005 |
20231101233152.0 |
| 035 |
|
|
|a (RuTPU)RU\TPU\book\279809
|
| 090 |
|
|
|a 257042
|
| 100 |
|
|
|a 20140414d1987 k y0rusy50 ca
|
| 101 |
0 |
|
|a rus
|
| 102 |
|
|
|a RU
|
| 105 |
|
|
|a a z 001zy
|
| 200 |
1 |
|
|a Распространение электромагнитных волн
|f Академия наук СССР (АН СССР), Сибирское отделение (СО), Бурятский институт естественных наук (БИЕН) ; под ред. А. С. Батороева
|
| 210 |
|
|
|a Улан-Удэ
|d 1987
|
| 215 |
|
|
|a 152 с.
|c ил.
|
| 320 |
|
|
|a Библиогр. в конце ст.
|
| 606 |
1 |
|
|a Электромагнитные волны
|x Распространение
|2 stltpush
|3 (RuTPU)RU\TPU\subj\20173
|9 45294
|
| 610 |
1 |
|
|a местность
|
| 610 |
1 |
|
|a рельеф
|
| 610 |
1 |
|
|a электрические параметры
|
| 610 |
1 |
|
|a лазерные пучки
|
| 610 |
1 |
|
|a турбулентная атмосфера
|
| 675 |
|
|
|a 537.87
|v 3
|
| 702 |
|
1 |
|a Батороев
|b А. С.
|4 340
|
| 712 |
0 |
2 |
|a Академия наук СССР (АН СССР)
|b Сибирское отделение (СО)
|b Бурятский институт естественных наук (БИЕН)
|c (Улан-Удэ)
|2 stltpush
|3 (RuTPU)RU\TPU\col\11570
|
| 801 |
|
1 |
|a RU
|b 63413507
|c 20140414
|
| 801 |
|
2 |
|a RU
|b 63413507
|c 20141007
|g RCR
|
| 942 |
|
|
|c BK
|